000 01355cam a22001934a 4500
005 20250605164036.0
008 250528s ||||||||||||||||||||||||d
035 _a16812
020 _a734712
040 _aGR-AtMCL
_bgre
_dGR-AtMCL
_eAACR2
245 1 _aInternational Marketing Handbook / Volume 2: Indonesia - Trinidad and Tobago
260 _bGale Research Company,
_c1988
300 _a2626
520 _aMarketing Profiles for Countries of the World, Indonesia, Iran, Iraq, Ireland, Israel, Italy, Ivory Coast, Japan, Jordan, Kenya, Kiribati Island, Korea, Kuwait, Lebanon, Lesotho, Liberia, Libya, Luxembourg, Madagaskar, Malawi, Malaysia, Mali, Mauritania, Mauritius, Mexico, Morocco, Mozambique, Namibia, Nauru, Netherlands, Netherlands Antilles, New Hebrides, New Zealand, Nicaragua, Niger, Nigeria, Norway, Oman, Pacific Island Trust Territories, Pakistan, Panama, Papua New Guinea, Paraguay, Panama, Papua New Guinea, Paraguay, Peru, Phillipines, Poland, Portugal, Qatar, Romania, Rwanda, Sao Tome and Principe, Saudi Arabia, Senegal, Seychelles, Sierra Leone, Singapore, Solomon Islands, Somalia, South Africa, Spain, Sri Lanka, Sudan, Swaziland, Sweden, Switzerland, Syria, Taiwan, Tanzania, Thailand, Togo, Tonga, Trinidad and Tobago.
700 1 _aBair Frank E.
_92907
942 _cBK
999 _c2272
_d2272